000 00822nam a2200253Ia 4500
003 OSt
005 20220930093008.0
006 a|||||r|||| 00| 0
007 ta
008 220926b |||||||| |||| 00| 0 eng d
024 _a28314
037 _cTheses
040 _aCRL
_cCRL
_beng
041 _2eng
_aeng
100 _aBose Shibani
_9550310
110 _aUniversity of Delhi. Faculty of Social Sciences. Department of History
245 0 _aMega fauna in early Nort India
_b a cultural and ecological enquiry ( from the mesolitihic upto c. 300 a.d.)
260 _c2015
650 _aHISTORY
700 _a Prof. Nayanjot Lahiri Gu.
700 _aUniversity of Delhi. Faculty of Social Sciences. Department of History
942 _cDIS
_2CC
999 _c884641
_d884641